[Event "TUR-ch U13/18 Girls"]
[Site "Antalya"]
[Date "2023.01.25"]
[Round "6"]
[White "Kipik, Feyza"]
[Black "Turkoglu, Sila Eylul"]
[Result "1-0"]
[WhiteElo "1695"]
[BlackElo "1276"]
[PlyCount "40"]
[EventDate "2023.01.17"]
[EventType "swiss"]
[EventRounds "9"]
[EventCountry "TUR"]
[SourceTitle "EXT 2024"]
[Source "ChessBase"]
[SourceDate "2023.10.10"]
[SourceVersion "1"]
[SourceVersionDate "2023.10.10"]
[SourceQuality "1"]

1. e4 c5 2. c3 Nf6 3. e5 Nd5 4. d4 cxd4 5. cxd4 Nc6 6. Nf3 d6 7. Bc4 Nb6 8. Bb5 a6 9. Bxc6+ bxc6 10. 0-0 Bf5 11. Nc3 e6 12. Bf4 d5 13. Rc1 Rb8 14. Na4 Qc8 15. Nh4 Bg6 16. Bg5 Qb7 17. Rc3 Bb4 18. Rh3 Nxa4 19. Nxg6 fxg6 20. Rb3 Qc7 1-0

[Event "TUR-ch U13/18 Girls"]
[Site "Antalya"]
[Date "2023.01.23"]
[Round "3"]
[White "Kipik, Feyza"]
[Black "Yalcin, Sudenaz"]
[Result "1-0"]
[WhiteElo "1695"]
[BlackElo "1367"]
[PlyCount "106"]
[EventDate "2023.01.17"]
[EventType "swiss"]
[EventRounds "9"]
[EventCountry "TUR"]
[SourceTitle "EXT 2024"]
[Source "ChessBase"]
[SourceDate "2023.10.10"]
[SourceVersion "1"]
[SourceVersionDate "2023.10.10"]
[SourceQuality "1"]

1. e4 c5 2. b3 Nc6 3. Bb2 Nf6 4. e5 Nd5 5. Bc4 e6 6. Ne2 Nb6 7. Bb5 Be7 8. d4 cxd4 9. Nxd4 Qc7 10. Nxc6 dxc6 11. Bd3 Nd5 12. Nd2 b6 13. Qg4 g6 14. a3 f5 15. exf6 Bxf6 16. Bxg6+ Ke7 17. Bxf6+ Nxf6 18. Qg3 Qd7 19. Bd3 Rg8 20. Qf3 Bb7 21. 0-0-0 Raf8 22. Qh3 Qd4 23. Rhe1 Bc8 24. Bc4 Qg4 25. Qe3 Nd5 26. Bxd5 cxd5 27. g3 Bd7 28. f4 Qg7 29. Kb1 Rc8 30. Nf3 Rc3 31. Rd3 Rgc8 32. Rxc3 Rxc3 33. Qe5 Qxe5 34. Nxe5 Be8 35. Kb2 Rc7 36. Nf3 Bg6 37. Re2 Bh5 38. Re3 Kf6 39. Nd4 Bf7 40. Nb5 Rd7 41. Kc3 a6 42. Nd4 Rc7+ 43. Kd2 b5 44. b4 Rc4 45. Nb3 Bg6 46. Rc3 e5 47. Rxc4 bxc4 48. fxe5+ Kxe5 49. Nc5 a5 50. bxa5 Kd6 51. a6 d4 52. a7 c3+ 53. Ke1 Kxc5 1-0

[Event "TUR-ch U13/18 Girls"]
[Site "Antalya"]
[Date "2023.01.22"]
[Round "1"]
[White "Kaya, Elif"]
[Black "Kipik, Feyza"]
[Result "0-1"]
[WhiteElo "1245"]
[BlackElo "1695"]
[PlyCount "69"]
[EventDate "2023.01.17"]
[EventType "swiss"]
[EventRounds "9"]
[EventCountry "TUR"]
[SourceTitle "EXT 2024"]
[Source "ChessBase"]
[SourceDate "2023.10.10"]
[SourceVersion "1"]
[SourceVersionDate "2023.10.10"]
[SourceQuality "1"]

1. e4 c5 2. Nf3 e6 3. c3 d5 4. exd5 Qxd5 5. d4 Nf6 6. Na3 Be7 7. Nb5 Na6 8. Be2 0-0 9. Bf4 Bd7 10. Nc7 Nxc7 11. Bxc7 Rac8 12. Be5 Bc6 13. dxc5 Qxc5 14. Bd4 Qa5 15. 0-0 Rfd8 16. b4 Qc7 17. Qb3 Ng4 18. g3 Bd5 19. Qb2 e5 20. c4 exd4 21. cxd5 d3 22. Bxd3 Bf6 23. Qb3 Bxa1 24. Rxa1 Ne5 25. Bf5 Nxf3+ 26. Qxf3 Qc3 27. Qxc3 Rxc3 28. Rd1 g6 29. Bh3 Rd6 30. Bf1 Rc2 31. a4 Rb2 32. Rd4 Kg7 33. Kg2 Rf6 34. Rf4 Rxf4 35. gxf4 0-1

[Event "TUR-chT 2nd League"]
[Site "Konya"]
[Date "2022.08.28"]
[Round "9.5"]
[White "Kipik, Feyza"]
[Black "Guney, Gamze Nur"]
[Result "1-0"]
[WhiteElo "1572"]
[BlackElo "1743"]
[PlyCount "95"]
[EventDate "2022.08.22"]
[EventType "team-swiss"]
[EventRounds "9"]
[EventCountry "TUR"]
[SourceTitle "CBM 210 Extra"]
[Source "ChessBase"]
[SourceDate "2022.11.30"]
[SourceVersion "1"]
[SourceVersionDate "2022.11.30"]
[SourceQuality "1"]
[WhiteTeam "Gaziantep Sader"]
[BlackTeam "Ortaca Belediye"]
[WhiteTeamCountry "TUR"]
[BlackTeamCountry "TUR"]

1. e4 c5 2. c3 d5 3. exd5 Qxd5 4. d4 Nf6 5. Nf3 Bg4 6. Be2 e6 7. 0-0 Be7 8. h3 Bh5 9. Be3 0-0 10. Nbd2 cxd4 11. c4 Qd7 12. Nxd4 e5 13. Nb5 Bxe2 14. Qxe2 a6 15. Nc3 Nc6 16. Rfd1 Qe6 17. Nf3 Rad8 18. Bb6 Rd7 19. Re1 h6 20. a3 Re8 21. Na4 e4 22. Qc2 Ne5 23. Nxe5 Qxe5 24. Nc3 Bd6 25. g3 Qf5 26. Kh2 h5 27. Ne2 h4 28. Rg1 Nh5 29. Raf1 Bb8 30. Be3 Qf3 31. Bg5 f6 32. Bxh4 g5 33. Bxg5 fxg5 34. Rg2 Rd3 35. Ng1 Qf5 36. Rd1 Red8 37. Rxd3 Rxd3 38. Kh1 e3 39. g4 Qe4 40. gxh5 exf2 41. Qxf2 Bf4 42. Qe2 Be3 43. Qg4 Bf4 44. Qe2 Be3 45. Nf3 Qf5 46. Ng1 Bf4 47. h4 Re3 48. Qg4 1-0

[Event "TUR-ch (Women)"]
[Site "Ayvalik"]
[Date "2022.03.08"]
[Round "5"]
[White "Kipik, Feyza"]
[Black "Caglar, Sila"]
[Result "0-1"]
[WhiteElo "1634"]
[BlackElo "2255"]
[PlyCount "62"]
[EventDate "2022.03.05"]
[EventType "swiss"]
[EventRounds "9"]
[EventCountry "TUR"]
[SourceTitle "EXT 2023"]
[Source "ChessBase"]
[SourceDate "2022.10.05"]
[SourceVersion "1"]
[SourceVersionDate "2022.10.05"]
[SourceQuality "1"]

1. e4 c5 2. c3 Qa5 3. Nf3 Nc6 4. Be2 Nf6 5. Qc2 g6 6. 0-0 Bg7 7. Rd1 0-0 8. d3 d5 9. h3 e5 10. Bg5 Be6 11. Nbd2 Qc7 12. exd5 Nxd5 13. Ne4 b6 14. Bh4 h6 15. Bg3 f5 16. Ned2 Rae8 17. a3 Qe7 18. Rac1 g5 19. Nf1 f4 20. Bh2 h5 21. Qa4 Nd8 22. c4 Nc7 23. Qxa7 g4 24. hxg4 hxg4 25. N3d2 Nc6 26. Qb7 Nd4 27. Re1 Rb8 28. Qa7 Ra8 29. Qb7 Rfb8 30. Qe4 Bf5 31. Qxa8 Rxa8 0-1

[Event "Balkan-ch U14 Girls"]
[Site "Tornelo INT"]
[Date "2020.11.01"]
[Round "5"]
[White "Mihelic, Vesna"]
[Black "Kipik, Feyza"]
[Result "1-0"]
[WhiteElo "1845"]
[BlackElo "1592"]
[PlyCount "95"]
[EventDate "2020.10.31"]
[EventType "swiss"]
[EventRounds "7"]
[EventCountry "NET"]
[SourceTitle "EXT 2023"]
[Source "ChessBase"]
[SourceDate "2022.10.05"]
[SourceVersion "1"]
[SourceVersionDate "2022.10.05"]
[SourceQuality "1"]

1. e4 c5 2. Nf3 g6 3. d4 cxd4 4. Nxd4 d6 5. Bb5+ Nd7 6. 0-0 Ngf6 7. Re1 Bg7 8. c4 0-0 9. Bxd7 Nxd7 10. Nc3 Ne5 11. b3 Bd7 12. Bb2 a6 13. h3 Rb8 14. f4 Nxc4 15. bxc4 Qb6 16. Nd5 Qxb2 17. Nxe7+ Kh8 18. Nb3 Qf6 19. Nd5 Qh4 20. Rc1 Qg3 21. Re3 Qh4 22. e5 dxe5 23. fxe5 Bh6 24. Qf3 Bxe3+ 25. Qxe3 Bf5 26. Rf1 Qxc4 27. Nf6 Qh4 28. Rf4 Qh6 29. Qg3 Qg7 30. Rh4 h6 31. Nd4 Bc8 32. Qe3 g5 33. Rh5 Qg6 34. Nf3 Kg7 35. Nxg5 Bf5 36. Nf3 Be6 37. Nh4 Qb1+ 38. Kh2 Rh8 39. Qg3+ Kf8 40. Qf4 Ke7 41. Rxh6 Rxh6 42. Qxh6 Qc2 43. Qf4 Qc4 44. Nf5+ Kd8 45. Qd2+ Kc8 46. Nd6+ Kc7 47. Nxc4 Bxc4 48. Qd6+ 1-0

[Event "TUR-chT 2nd League"]
[Site "Konya"]
[Date "2019.07.27"]
[Round "8.12"]
[White "Kipik, Feyza"]
[Black "Kaya, Elif"]
[Result "1/2-1/2"]
[WhiteElo "1464"]
[BlackElo "1276"]
[PlyCount "61"]
[EventDate "2019.07.22"]
[EventType "team-swiss"]
[EventRounds "9"]
[EventCountry "TUR"]
[SourceTitle "CBM 191 Extra"]
[Source "ChessBase"]
[SourceDate "2019.09.30"]
[SourceVersion "1"]
[SourceVersionDate "2019.09.30"]
[SourceQuality "1"]
[WhiteTeam "Calli Spor"]
[BlackTeam "Karaman Yunus Ortaokulu"]
[WhiteTeamCountry "TUR"]
[BlackTeamCountry "TUR"]

1. a3 h6 2. b4 g6 3. Bb2 Nf6 4. g3 Bg7 5. Bg2 a6 6. Nf3 Nc6 7. 0-0 0-0 8. c4 d6 9. Nc3 Bd7 10. d4 e6 11. Re1 Re8 12. e4 Qe7 13. Qc2 Qf8 14. Rad1 Rad8 15. Qb1 e5 16. dxe5 Nxe5 17. Nxe5 dxe5 18. Qa1 Bc8 19. Rxd8 Rxd8 20. Rd1 Rxd1+ 21. Qxd1 Qd6 22. Qxd6 cxd6 23. Nd5 Nxd5 24. cxd5 f5 25. Kf1 fxe4 26. Bxe4 Bf5 27. f3 Bxe4 28. fxe4 Kf7 29. Bc3 b5 30. Ke2 g5 31. g4 1/2-1/2

[Event "World School-ch U13 Girls"]
[Site "Antalya"]
[Date "2019.04.23"]
[Round "6"]
[White "Dumankyzy, Alfarabi"]
[Black "Kipik, Feyza"]
[Result "0-1"]
[WhiteElo "1275"]
[BlackElo "1428"]
[PlyCount "90"]
[EventDate "2019.04.18"]
[EventType "swiss"]
[EventRounds "9"]
[EventCountry "TUR"]
[SourceTitle "CBM 190 Extra"]
[Source "ChessBase"]
[SourceDate "2019.07.15"]
[SourceVersion "1"]
[SourceVersionDate "2019.07.15"]
[SourceQuality "1"]

1. e4 c5 2. Nf3 d6 3. d4 cxd4 4. Nxd4 Nf6 5. Nc3 g6 6. f3 Bg7 7. Be3 a6 8. Qd2 h5 9. 0-0-0 b5 10. Kb1 Bb7 11. h4 Nbd7 12. Nb3 Rc8 13. g3 Ne5 14. Qf2 Nfd7 15. Bh3 0-0 16. Bd4 f5 17. f4 fxe4 18. Bxe5 Bxe5 19. Be6+ Kh7 20. Bxd7 Qxd7 21. Nc5 Qc6 22. Ne6 Rf6 23. Ng5+ Kg7 24. Ncxe4 Rf5 25. Qd2 Bf6 26. Nxf6 Rxf6 27. Rhe1 Qd7 28. Qe3 Re8 29. Ne6+ Kf7 30. Qb3 Rxe6 31. Re5 Kf6 32. Rxe6+ Qxe6 33. Qxe6+ Kxe6 34. Re1+ Kf5 35. b3 Kg4 36. Rg1 e5 37. fxe5 dxe5 38. Kb2 e4 39. c3 e3 40. Re1 e2 41. Kc1 Kxg3 42. Kd2 Kxh4 43. Rxe2 Rxe2+ 44. Kxe2 Kg3 45. Ke3 h4 0-1

[Event "World School-ch U13 Girls"]
[Site "Antalya"]
[Date "2019.04.21"]
[Round "4"]
[White "Kiziltas, Ece Su"]
[Black "Kipik, Feyza"]
[Result "1/2-1/2"]
[WhiteElo "1397"]
[BlackElo "1428"]
[PlyCount "65"]
[EventDate "2019.04.18"]
[EventType "swiss"]
[EventRounds "9"]
[EventCountry "TUR"]
[SourceTitle "CBM 190 Extra"]
[Source "ChessBase"]
[SourceDate "2019.07.15"]
[SourceVersion "1"]
[SourceVersionDate "2019.07.15"]
[SourceQuality "1"]

1. Nf3 Nf6 2. d4 g6 3. b3 Bg7 4. Bb2 0-0 5. e3 d6 6. Be2 Nbd7 7. 0-0 b6 8. c4 Bb7 9. Nc3 c5 10. Qc2 Rc8 11. d5 Qc7 12. Nb5 Qb8 13. Rad1 Ne8 14. Bxg7 Nxg7 15. e4 Ba6 16. Nd2 Bxb5 17. cxb5 Ne8 18. f4 Nef6 19. g4 Qa8 20. g5 Ne8 21. Qc3 Nc7 22. Qh3 Nb8 23. Rf3 f5 24. gxf6 exf6 25. Rg3 Rce8 26. Bh5 Re7 27. Kh1 Rg7 28. Rdg1 Qb7 29. Nc4 Ne8 30. Bxg6 hxg6 31. Rxg6 Qe7 32. Qe6+ Qxe6 33. Rxg7+ 1/2-1/2

[Event "World School-ch U13 Girls"]
[Site "Antalya"]
[Date "2019.04.20"]
[Round "3"]
[White "Kipik, Feyza"]
[Black "Sod Erdene, Naranbaatar"]
[Result "1-0"]
[WhiteElo "1428"]
[BlackElo "1260"]
[PlyCount "55"]
[EventDate "2019.04.18"]
[EventType "swiss"]
[EventRounds "9"]
[EventCountry "TUR"]
[SourceTitle "CBM 190 Extra"]
[Source "ChessBase"]
[SourceDate "2019.07.15"]
[SourceVersion "1"]
[SourceVersionDate "2019.07.15"]
[SourceQuality "1"]

1. e4 e5 2. Nf3 Nc6 3. Bb5 Nf6 4. 0-0 Nxe4 5. Re1 Nd6 6. Bf1 Be7 7. Nxe5 0-0 8. d4 Nf5 9. c3 Bf6 10. Bf4 Re8 11. Nd2 d6 12. Nxc6 bxc6 13. Qf3 Bb7 14. Bd3 Nh4 15. Qh5 g6 16. Qg4 Rxe1+ 17. Rxe1 c5 18. Ne4 Be7 19. Qd1 f5 20. Qb3+ d5 21. Nxc5 Bxc5 22. Qxb7 Bb6 23. Re3 Rb8 24. Qc6 Ba5 25. Qe6+ Kg7 26. Be5+ Kf8 27. Bf6 Qd6 28. Be7+ 1-0

[Event "TUR-ch (Women)"]
[Site "Antalya"]
[Date "2019.03.09"]
[Round "9"]
[White "Temel, Nurcan"]
[Black "Kipik, Feyza"]
[Result "0-1"]
[WhiteElo "1360"]
[BlackElo "1476"]
[PlyCount "38"]
[EventDate "2019.03.03"]
[EventType "swiss"]
[EventRounds "9"]
[EventCountry "TUR"]
[SourceTitle "CBM 189 Extra"]
[Source "ChessBase"]
[SourceDate "2019.06.03"]
[SourceVersion "1"]
[SourceVersionDate "2019.06.03"]
[SourceQuality "1"]

1. d4 Nf6 2. c4 g6 3. Nf3 Bg7 4. Nc3 0-0 5. e4 d6 6. h3 e5 7. dxe5 dxe5 8. Qxd8 Rxd8 9. Nxe5 Nxe4 10. Nxf7 Bxc3+ 11. bxc3 Kxf7 12. Bf4 Re8 13. Be3 Nc6 14. Rc1 Bf5 15. Bd3 Rad8 16. Ke2 Rxd3 17. Kxd3 Nxf2+ 18. Ke2 Nxh1 19. Rxh1 Ne5 0-1

[Event "TUR-ch (Women)"]
[Site "Antalya"]
[Date "2019.03.05"]
[Round "4"]
[White "Anacoglu, Cisel"]
[Black "Kipik, Feyza"]
[Result "1-0"]
[WhiteElo "2013"]
[BlackElo "1476"]
[PlyCount "63"]
[EventDate "2019.03.03"]
[EventType "swiss"]
[EventRounds "9"]
[EventCountry "TUR"]
[SourceTitle "CBM 189 Extra"]
[Source "ChessBase"]
[SourceDate "2019.06.03"]
[SourceVersion "1"]
[SourceVersionDate "2019.06.03"]
[SourceQuality "1"]

1. e4 c5 2. Nf3 d6 3. Bb5+ Nd7 4. 0-0 Ngf6 5. Re1 a6 6. Bd3 b5 7. c4 Ne5 8. Nxe5 dxe5 9. Bf1 Bd7 10. a3 e6 11. Nc3 Qb8 12. Qb3 b4 13. axb4 cxb4 14. Na4 Be7 15. d4 0-0 16. Bg5 exd4 17. e5 Nd5 18. cxd5 Bxg5 19. Nc5 Qa7 20. Ne4 Bf4 21. Rxa6 Qb8 22. Rxa8 Qxa8 23. Nc5 Be8 24. d6 Qc8 25. Nd3 Bh6 26. Qxb4 Bd7 27. Qxd4 f6 28. exf6 Rxf6 29. Ne5 Rf4 30. Qc3 Qe8 31. Qc7 Ba4 32. d7 1-0